000 01276nam a22002417a 4500
999 _c62891
_d62891
003 Ge_BSU
005 20250317112824.0
008 250317s2001 ge ||||| |||| 00| 0 geo d
020 _a9992852798
041 _ageo
080 _a616-07(075.8) ტ-37
100 _aტატიშვილი, ნუგზარ
_93227
245 _aშინაგან სნეულებათა დიაგნოსტიკა :
_b[სახელმძღვ. სამედ. უნ-ტის სტუდ.-თვის] /
_cნუგზარ ტატიშვილი, ირაკლი ტატიშვილი ; რედ.: გ. სიმონია.
250 _a[1-ლი გამოც.].
264 _aთბილისი :
_b ბაკურ სულაკაურის გამ-ბა,
_c2001.
300 _a349 გვ. ;
_b 29 სმ.
490 _aსამედიცინო წიგნი
653 _aშინაგანი დაავადებების დიაგნოსტიკა
653 _aმედიცინა
700 _aტატიშვილი, ირაკლი
_eავტორი
_924576
700 _aსიმონია, გ.
_eრედაქტორი
_93229
942 _2udc
_cᲬᲘᲒᲜᲘ